=LDR 00000nam 2200000 4500 =001 INLIS000000000048535 =005 20161117151100.0 =006 =007 =008 =035 ##$$0010-111600000000114 =082 ##$$a 372.7 =100 ##$$a drajat $t mtematika yang kumau vol. 6 =245 ##$$a matematika yang kumau vol. 6 =260 ##$$a Jakarta $b tinta emas $c 2008 =300 ##$$a 126 hlm $b ilus $c 25 cm =850 ##$$a NBPBMAT =990 ##$$a 0001/BPAP-NTB/2016